Anglais "Français vers anglais" (crée par alina) - Statistiques

Statistiques générales
  • Ce quiz a été pris 14 fois
    13 depuis la dernière actualisation
  • Le résultat moyen est 8 sur 59
Statistiques - réponses
Mot en français Traduire en anglais % Correct
Combien mesurer vous ? How tall are you ?
67%
Respirer To breathe
67%
Vomir To vomit
67%
Combien pesez-vous ? How much do you weight ?
50%
Drap Sheet
50%
Analyse de sang Blood test
33%
Une toux Cough
33%
Maladie Disease
33%
Douleur Pain
33%
L'oreiller Pillow
33%
Fatigue Tired
33%
Poids Weight
33%
Fauteuil Armchair
17%
Sonnette Call button
17%
Sèche Dry
17%
Il fallait Had
17%
Devoir Have
17%
Bijoux Jewellery
17%
Le pouls Pulse
17%
Les glandes salivaires Salivary glands
17%
Raideur Stiffness
17%
S'essouffler To choke
17%
Tousser To cought
17%
Diminuer To decrease
17%
Augmenter To increase
17%
Les amygdales Tonsils
17%
Cracher To spit
17%
Avaler To swallow
17%
Dizzy Vertige
17%
Fauteuil roulant Wheelchair
17%
Etre en manque de quelque chose A lack of
0%
Le nez qui coule A runny nose
0%
Sa fait mal A sore
0%
Libre, disponible Avaible
0%
Bassin Bedpan
0%
Table de nuit Bedside table
0%
Robe de chambre Dressing gown
0%
Perfusion Drip
0%
Pied à perfusion Dripstant
0%
Gouttes / collyre Drops
0%
Epuiser Exhausted
0%
Redevance Fee
0%
Médecin généraliste General practitioner
0%
Il doit Has
0%
Aide soignante Health care assistant (HCA)
0%
Mettez-vous à l'aise Make yourself confortable
0%
Chemise de nuit Nightgown
0%
Engourdissement Numbness
0%
Adaptable Overbed table
0%
Eruption Rash
0%
Pantoufles/chaussons Slippers
0%
Prise électrique Socket
0%
Compresssion Squeezing
0%
Gonflement Swelling / Swell / Swollen
0%
Se moucher To blow your nose
0%
Gargariser To gargle
0%
Avoir mal à la gorge To have a soat throat
0%
Apaiser To soothe
0%
Je vais prendre votre tension To take your blood pressure
0%
Aucun quiz correspondant
Distribution des résultats
% des personnes avec chaque résultat
Percentile par nombre de réponses
Votre historique - résultats
Vous n’avez pas pris ce quiz depuis la dernière actualisation